Tair o gerddi newyddion : I Yn gosod yn fyrr ryfeddod angylion, happulwydd dynion, ablinder cytheriliaid, seslechdwriaeth trwy grist, ar efgeulusdra O weddiorn ran ym mhren y bywyd. II Yn mynegi fel y digwyddodd i wr ifangc feichiogi merch, ac yn gweddio am edifeirwchm ci bechod. III Fel y bu i [wcirc] ifangc garu merch, ae so ssaelodd ei chael yn briod: ar yr achos hwnnw se a annodd fely mae'a canlyn.

Bibliographic Details
Main Author: Roberts, John (Apprentice)
Corporate Author: Gale (Firm)
Other Authors: Williams, John, of Llanbedrog
Format: eBook
Language:Welsh
Published: Trefriw : Argraphwyd gan Dafyddd Jones, 1783.
Subjects:
Online Access:Connect to the full text of this electronic book

MARC

Tag First Indicator Second Indicator Subfields
LEADER 00000cam a2200000 4500
001 in00003821021
005 20190415184213.0
006 m o d
007 cr |n||||||||n
008 810811s1783 wlk|||| o 00||||wel c
035 |a (CU-RivES)T128740 
035 |a (Uk-ES)006396582 
035 |a (OCoLC)508884808 
040 |a Uk-ES  |c Uk-ES  |d CStRLIN  |d Cengage Gale  |d UtOrBLW 
100 1 |a Roberts, John  |c (Apprentice)  |0 http://id.loc.gov/authorities/names/nr93033449 
245 1 0 |a Tair o gerddi newyddion :  |b I Yn gosod yn fyrr ryfeddod angylion, happulwydd dynion, ablinder cytheriliaid, seslechdwriaeth trwy grist, ar efgeulusdra O weddiorn ran ym mhren y bywyd. II Yn mynegi fel y digwyddodd i wr ifangc feichiogi merch, ac yn gweddio am edifeirwchm ci bechod. III Fel y bu i [wcirc] ifangc garu merch, ae so ssaelodd ei chael yn briod: ar yr achos hwnnw se a annodd fely mae'a canlyn. 
264 1 |a Trefriw :  |b Argraphwyd gan Dafyddd Jones,  |c 1783. 
300 |a 1 online resource (8 pages)  
336 |a text  |b txt  |2 rdacontent 
337 |a computer  |b c  |2 rdamedia 
338 |a online resource  |b cr  |2 rdacarrier 
500 |a The first song is by John Roberts and the third by John Williams; the second is anonymous. 
510 4 |a Davies,  |c 349 
510 4 |a English Short Title Catalog,  |c T128740. 
500 |a Reproduction of original from British Library. 
500 |a Electronic resource. 
650 0 |a Welsh poetry  |y 18th century.  |0 http://id.loc.gov/authorities/subjects/sh90001682 
655 7 |a Electronic books.  |2 local 
655 7 |a Poems.  |2 rbgenr 
700 1 |a Williams, John,  |c of Llanbedrog.  |0 http://id.loc.gov/authorities/names/nr93042665 
710 2 |a Gale (Firm)  |0 http://id.loc.gov/authorities/names/no2008071348 
752 |a Great Britain  |b Wales  |d Trefriw. 
856 4 0 |u http://proxy.library.tamu.edu/login?url=http://find.galegroup.com/ecco/infomark.do?contentSet=ECCOArticles&docType=ECCOArticles&bookId=1575702700&type=getFullCitation&tabID=T001&prodId=ECCO&docLevel=TEXT_GRAPHICS&version=1.0&source=library&userGroupName=txshracd2898  |z Connect to the full text of this electronic book  |t 0 
999 f f |s fd3429b0-5d39-3117-a8eb-dc00d5166530  |i 62fbd46f-d11d-3356-a5d9-42ac43eb381b  |t 0 
952 f f |a Texas A&M University  |b College Station  |c Electronic Resources  |d Available Online  |t 0  |h No information provided 
998 f f |t 0  |l Available Online